voting section - Statistics

General Stats
  • This quiz has been taken 26 times
  • The average score is 26 of 53
Answer Stats
Hint Answer % Correct
race, color, previous condition of servitude. __ amendment 15
100%
no sex discrimination __ amendment 19
100%
no taxes to vote ___ amendment 24
83%
18 to vote __ amendment 26
67%
Quaker, spent time in England with “militant” English suffragists. alice paul
67%
-Constitution doesn’t say ____ can’t vote so state can allow if they want to aliens
67%
the five stages civil rights
67%
leading figure at Seneca Falls. Wrote Declaration of Rights & Sentiments Elizabeth Cady Stanton:
67%
acquiring the right to vote. enfranchisement
67%
nonviolent protests freedom rides
67%
registering as many African-American voters in Southern states as possible freedom summer
67%
the two minorities were African Americans and Irish Catholics
67%
to ensure voter can cast an informed ballot🡪 abused and used unfairly literacy test
67%
Quaker abolitionist and suffragist mott
67%
2-4 yr Name removed if no longer eligible to vote. Purging
67%
to prevent fraudulent voting Registration:
67%
peaceful demonstrations where Af. Amer were not allowed to dine sit ins
67%
living in state for a short time transients:
67%
what prez passed the 19th amendment wilson
67%
the five stages age
50%
NWSA leader anthony
50%
the further down the ballot, fewer votes-voters exhaust patience. ballot fatigue
50%
radical Af. Amer. civil rights and self-defense organization. black panthers
50%
an attempt to abolish public and private acts of discrimination against Af. Amer. civil rights movement
50%
the five stages colonial
50%
denied the right to vote if mentally incompetent, those who have committed a serious crime or ____ ___ Dishonorably discharged
50%
drawing electoral boundary lines to limit voting strength of a particular party. Gerrymandering:
50%
this court case over ruled the grandfather clause Guinn v. U.S.
50%
Greek for “those who do not vote” idiotes
50%
support for Kennedy’s Civil Rights Bill march on washington
50%
segregation on transit system🡪 Montgomery Bus Boycott
50%
law that allows Register with driver license
Registration by mail
Registration at local federal offices
motor voter
50%
_____🡪national association for the advancement of colored people NAACP
50%
feel vote won’t make a difference, lack of interest non voters
50%
know this quote Old
enough to die for your country but not old
enough to vote
50%
Civil Rights Act of 1960: placed ____ where discrimination was claimed to be. referees
50%
led by rosa parks
50%
civil rights act of __ Estab. U.S. Civil Rights commission🡪 reports any voter discrimination 57
33%
leader of NAWSA in early
1900’s🡪 believed in a more refined way of getting
suffrage.
carrie chapman catt
33%
the five stages (15th amendment) civil war
33%
Civil Rights Act of 1964: established ___ or court orders injunction
33%
militant civil rights activist. Malcom X
33%
a movement that called for widespread change Progressivism
33%
Televised example of Af. Amer. voting restrictions by Dr. King🡪 caused widespread change. Selma
33%
Party identification: ____ to party loyalty
17%
Bad voter turnout🡪_____ ____: those between presidential elections. off-year
17%
No voting laws w/o approval Preclearance:
17%
this act applied to all elections in the country, outlawed literacy tests and materials to be printed in dif languages voting rights act of 1965
17%
the five stages women's rights
17%
a voter’s and issues of an election. Psychological
0%
how people gain their pol. attitudes. socialization
0%
the many pieces of voter social and economic life. sociological
0%
-voting for more than one candidate Split ticket
0%
No matching quizzes found
Score Distribution
Percent of People with Each Score
Percentile by Number Answered
Your Score History
You have not taken this quiz